Central Library and Information Centre
Sibsagar Girls' College, Sivasagar : Assam

SNATAK MAHALAR SIKHYA DANAR KAUSHAL ARU PADHATI (For 5th Semester-10th Paper) (Record no. 20239)

MARC details
000 -LEADER
fixed length control field 00565cam a2200217ua 4500
008 - FIXED-LENGTH DATA ELEMENTS--GENERAL INFORMATION
fixed length control field 191226n II |||gr||||Z||||||asm
040 ## - CATALOGING SOURCE
Original cataloging agency MAIN
041 ## - LANGUAGE CODE
-- English
041 ## - LANGUAGE CODE
-- asm
082 ## - DEWEY DECIMAL CLASSIFICATION NUMBER
Classification number 371.33 CHA
100 ## - MAIN ENTRY--PERSONAL NAME
Personal name CHALIHA, BEDA KR.
245 ## - TITLE STATEMENT
Title SNATAK MAHALAR SIKHYA DANAR KAUSHAL ARU PADHATI (For 5th Semester-10th Paper)
250 ## - EDITION STATEMENT
Edition statement 3RD.
260 ## - PUBLICATION, DISTRIBUTION, ETC.
Place of publication, distribution, etc. JORHAT:
Name of publisher, distributor, etc. BIDYA BHAWAN.,
Date of publication, distribution, etc. 2014.
300 ## - PHYSICAL DESCRIPTION
Extent 313:
Dimensions 20CM.
700 ## - ADDED ENTRY--PERSONAL NAME
Personal name SAIKIA, TARUN.
700 ## - ADDED ENTRY--PERSONAL NAME
Personal name SAIKIA, RUNU BORAH.
942 ## - ADDED ENTRY ELEMENTS (KOHA)
Koha item type Books
653 ## - INDEX TERM--UNCONTROLLED
Uncontrolled term Educational Technology
Holdings
Withdrawn status Lost status Damaged status Not for loan Collection code Home library Current library Shelving location Date acquired Total Checkouts Total Renewals Full call number Barcode Date last seen Date last checked out Copy number Price effective from Koha item type Public note Date due
        TBEDU Central Library and Information Centre Sibsagar Girls College Central Library and Information Centre Sibsagar Girls College EDUCATION BOOK RACK 22.08.2014 12 1 371.33 CHA 30987 25.11.2025 03.11.2025 1 27.02.2020 Books V  
        TBEDU Central Library and Information Centre Sibsagar Girls College Central Library and Information Centre Sibsagar Girls College Education Reck 22.08.2014     371.33 CHA 30988 27.02.2020   2 27.02.2020 Books    
        TBEDU Central Library and Information Centre Sibsagar Girls College Central Library and Information Centre Sibsagar Girls College Education Reck 22.08.2014 2   371.33 CHA 30989 04.02.2021 04.02.2021 3 27.02.2020 Books   22.02.2021
        TBEDU Central Library and Information Centre Sibsagar Girls College Central Library and Information Centre Sibsagar Girls College Education Reck 22.08.2014 1   371.33 CHA 30990 11.12.2020 18.11.2020 4 27.02.2020 Books    
        TBEDU Central Library and Information Centre Sibsagar Girls College Central Library and Information Centre Sibsagar Girls College EDUCATION BOOK RACK 22.08.2014 10 3 371.33 CHA 30991 26.11.2025 15.11.2025 5 27.02.2020 Books V  


Sibsagar Girl's College © 2020. All rights reserved.
Powered by Koha.
Maintained by Abhijit Borpuzari.